Computer Vision: A Modern Approach

Bibliografiska uppgifter
Huvudupphovsman: D.A. Forsyth and J. Ponce
Materialtyp: Okänd
LEADER 00204 a2200085 4500
020 |a 9789332550117 
100 |a D.A. Forsyth and J. Ponce  |9 57542 
245 |a Computer Vision: A Modern Approach 
942 |c BK 
999 |c 47222  |d 47222